UBT Library

Concepts in Biology: (Record no. 1894)

000 -LEADER
fixed length control field 00347nam a22001337a 4500
008 - FIXED-LENGTH DATA ELEMENTS--GENERAL INFORMATION
fixed length control field 160507b xxu||||| |||| 00| 0 eng d
020 ## - INTERNATIONAL STANDARD BOOK NUMBER
International Standard Book Number 9780077229962
020 ## - INTERNATIONAL STANDARD BOOK NUMBER
International Standard Book Number 978007343434
020 ## - INTERNATIONAL STANDARD BOOK NUMBER
International Standard Book Number 9780077229962
041 ## - LANGUAGE CODE
Language code of text/sound track or separate title eng
080 ## - UNIVERSAL DECIMAL CLASSIFICATION NUMBER
Universal Decimal Classification number 573
245 ## - TITLE STATEMENT
Title Concepts in Biology:
Statement of responsibility, etc Eldon D. Enger;Frederick C. Ross; David B.Bailey;
942 ## - ADDED ENTRY ELEMENTS (KOHA)
Source of classification or shelving scheme
Item type Books
Holdings
Withdrawn status Lost status Source of classification or shelving scheme Damaged status Not for loan Collection code Permanent location Current location Shelving location Date acquired Total Checkouts Full call number Barcode Date last seen Price effective from Koha item type
          Koleksioni i përgjithshem UBT - Lipjan UBT - Lipjan Koleksioni i përgjithshem 05/07/2016   573 ENG 002-028441 05/07/2016 05/07/2016 Books
UBT Library © 2015-2024. All rights reserved University Education for Business and Technology